| 000 -ლიდერი |
| ფიქსირებული სიგრძის საკონტროლო ველი |
01563nam a2200277Ia 4500 |
| 001 - საკონტროლო ნომერი |
| საკონტროლო ველი |
22233 |
| 003 - საკონტროლო ნომრის იდენტიფიკატორი |
| საკონტროლო ველი |
GE_BSU |
| 005 - ბოლო ოპერაციის თარიღი და დრო |
| საკონტროლო ველი |
20230117173351.0 |
| 008 - ფიქსირებული სიგრძის მონაცემთა ელემენტები - ზოგადი ინფორმაცია |
| ფიქსირებული სიგრძის საკონტროლო ველი |
181216s2016||||ge |||||||||||||| ||geo|| |
| 020 ## - წიგნის საერთაშორისო სტანდარტული ნომერი |
| International Standard Book Number |
ISSN 1987-9946 |
| 040 ## - კატალოგიზაციის წყარო |
| Transcribing agency |
GE_BSU |
| 041 ## - ენის კოდი |
| Language code of text/sound track or separate title |
geo |
| 080 ## - უნივერსალური ათობითი კლასიფიკაციის ინდექსი |
| Universal Decimal Classification number |
811.353.1'373.6 ე-87 |
| 245 ## - ცნობა სათაურის შესახებ |
| Title |
ეტიმოლოგიური ძიებანი XIII / |
| Statement of responsibility, etc |
სარედ. კოლ. : ა. არაბული, ნ. მაჭავარიანი, მ. სუხიშვილი. რედ. მედეა ღლონტი. |
| 264 ## - წარმოების, გამოცემის, დისტრიბუციის და სხვა ცნობები |
| გამოცემის, წარმოების, დისტრიბუციის... ადგილი |
თბილისი : |
| გამოცემის, წარმოების, დისტრიბუციის... სახელწოდება |
თსუ-ს გამომცემლობა, |
| გამოცემის, წარმოების, დისტრიბუციის... თარიღი |
2016. |
| 300 ## - ფიზიკური აღწერა |
| Extent |
152 გვ. ; |
| Dimensions |
20 სმ. |
| 500 ## - ზოგადი შენიშვნა |
| General note |
ეძღვნ. გამოჩენილი ქართველი ლექსიკოგრაფების ბიძინა ფოჩხუას და მიხეილ ჭაბაშვილის ხსოვნას |
| 653 ## - INDEX TERM--UNCONTROLLED |
| Uncontrolled term |
ეტიმოლოგიური ძიებანი |
| 653 ## - INDEX TERM--UNCONTROLLED |
| Uncontrolled term |
სტატიების კრებული |
| 653 ## - INDEX TERM--UNCONTROLLED |
| Uncontrolled term |
ქართული ენა |
| 653 ## - INDEX TERM--UNCONTROLLED |
| Uncontrolled term |
ქართული ენის ეტიმოლოგია |
| 700 ## - ADDED ENTRY--PERSONAL NAME |
| Personal name |
ღლონტი, მედეა |
| Relator term |
რედაქტორი |
| 9 (RLIN) |
16723 |
| 710 ## - ADDED ENTRY--CORPORATE NAME |
| Corporate name or jurisdiction name as entry element |
თსუ |
| Subordinate unit |
არნოლდ ჩიქობავას სახელობის ენათმეცნათმეცნიერების ინსტიტუტი |
| 9 (RLIN) |
16725 |
| 942 ## - ADDED ENTRY ELEMENTS (KOHA) |
| Koha item type |
წიგნი |
| Source of classification or shelving scheme |
|